[Event "British KO-ch Pre 2019"]
[Site "London"]
[Date "2019.11.30"]
[Round "2.1"]
[White "Fernandez, Daniel Howard"]
[Black "Harvey, Marcus R"]
[Result "0-1"]
[WhiteElo "2444"]
[BlackElo "2405"]
[Annotator "ChessBase"]
[PlyCount "102"]
[EventDate "2019.11.30"]
[EventType "k.o."]
[EventCountry "ENG"]
[SourceTitle "playchess.com"]
[Source "ChessBase"]
[SourceQuality "1"]
[TimeControl "600+5"]

1. b3 {[%emt 0:00:15]} Nf6 {[%emt 0:00:00]} 2. Bb2 {[%emt 0:00:08]} g6 {[%emt 0:00:00]} 3. c4 {[%emt 0:00:37]} Bg7 {[%emt 0:00:00]} 4. Nf3 {[%emt 0:00:02]} O-O {[%emt 0:00:01]} 5. g3 {[%emt 0:00:19]} b6 {[%emt 0:00:41]} 6. Bg2 {[%emt 0:00:03]} Bb7 {[%emt 0:00:00]} 7. O-O {[%emt 0:00:03]} c5 {[%emt 0:00:11]} 8. Nc3 {[%emt 0:00:53]} d5 {[%emt 0:00:20]} 9. cxd5 {[%emt 0:00:03]} Nxd5 {[%emt 0:00:02]} 10. Qc1 {[%emt 0:00:07]} Nd7 {[%emt 0:01:40]} 11. Nxd5 {[%emt 0:00:18]} Bxd5 {[%emt 0:00:01]} 12. Bxg7 {[%emt 0:00:03]} Kxg7 {[%emt 0:00:01]} 13. a3 {[%emt 0:00:01]} Bxf3 {[%emt 0:00:39]} 14. Bxf3 {[%emt 0:00:04]} Rc8 {[%emt 0:00:01]} 15. b4 {[%emt 0:00:35]} Ne5 {[%emt 0:00:08]} 16. Bb7 {[%emt 0:00:37]} Rc7 {[%emt 0:00:03]} 17. Bg2 {[%emt 0:00:06]} Qd6 {[%emt 0:00:21]} 18. Qb2 {[%emt 0:00:26]} Qd4 {[%emt 0:00:09]} 19. Rab1 {[%emt 0:00:30]} Nc4 {[%emt 0:00:26]} 20. Qxd4+ {[%emt 0:01:28]} cxd4 {[%emt 0:00:01]} 21. Bd5 {[%emt 0:00:23]} Nxd2 {[%emt 0:01:01]} 22. Rfc1 {[%emt 0:00:03]} Rfc8 {[%emt 0:00:10]} 23. Rxc7 {[%emt 0:00:02]} Rxc7 {[%emt 0:00:01]} 24. Rb2 {[%emt 0:00:01]} Rc1+ {[%emt 0:00:01]} 25. Kg2 {[%emt 0:00:01]} Nc4 {[%emt 0:00:01]} 26. Rb3 {[%emt 0:00:36]} e6 {[%emt 0:00:13]} 27. Bxc4 {[%emt 0:00:23]} Rxc4 {[%emt 0:00:01]} 28. Kf3 {[%emt 0:00:04]} f5 {[%emt 0:00:01]} 29. e3 {[%emt 0:00:09]} dxe3 {[%emt 0:00:28]} 30. Kxe3 {[%emt 0:00:06]} Kf6 {[%emt 0:00:03]} 31. Rd3 {[%emt 0:00:02]} Ke7 {[%emt 0:00:07]} 32. f4 {[%emt 0:00:09]} h6 {[%emt 0:00:16]} 33. h3 {[%emt 0:00:22]} g5 {[%emt 0:00:02]} 34. Kf3 {[%emt 0:00:02]} a5 {[%emt 0:00:13]} 35. bxa5 {[%emt 0:00:11]} bxa5 {[%emt 0:00:02]} 36. Rb3 {[%emt 0:00:04]} a4 {[%emt 0:00:03]} 37. Rb7+ {[%emt 0:00:15]} Kf6 {[%emt 0:00:01]} 38. Rh7 {[%emt 0:00:01]} Rc3+ {[%emt 0:00:04]} 39. Kg2 {[%emt 0:00:02]} gxf4 {[%emt 0:00:10]} 40. gxf4 {[%emt 0:00:01]} Rxa3 {[%emt 0:00:27]} 41. Rxh6+ {[%emt 0:00:01]} Kf7 42. Rh7+ {[%emt 0:00:07]} Kg6 {[%emt 0:00:01]} 43. Re7 {[%emt 0:00:17]} Kf6 {[%emt 0:00:02]} 44. Ra7 {[%emt 0:00:03]} Ra1 {[%emt 0:00:08]} 45. h4 {[%emt 0:00:10]} Kg6 {[%emt 0:01:07]} 46. Re7 {[%emt 0:00:02]} a3 {[%emt 0:00:05]} 47. Rxe6+ {[%emt 0:00:23]} Kh5 {[%emt 0:00:01]} 48. Ra6 {[%emt 0:00:05]} Kg4 {[%emt 0:00:21]} 49. Ra5 {[%emt 0:00:20]} Ra2+ {[%emt 0:00:07]} 50. Kf1 {[%emt 0:00:08]} Kxh4 {[%emt 0:00:13]} 51. Rxf5 {[%emt 0:00:26]} Rb2 {[%emt 0:00:11]} 0-1

[Event "British KO-ch Pre 2019"]
[Site "London"]
[Date "2019.11.30"]
[Round "2.2"]
[White "Horton, Andrew P"]
[Black "Clarke, Brandon G I"]
[Result "1-0"]
[WhiteElo "2378"]
[BlackElo "2431"]
[Annotator "NA"]
[PlyCount "71"]
[EventDate "2019.11.30"]
[EventType "k.o."]
[EventCountry "ENG"]
[SourceTitle "playchess.com"]
[Source "ChessBase"]
[SourceQuality "1"]
[TimeControl "600+5"]

1. Nf3 {[%emt 0:00:00]} Nf6 {[%emt 0:00:00]} 2. c4 {[%emt 0:00:00]} g6 {[%emt 0:00:00]} 3. g3 {[%emt 0:00:00]} Bg7 {[%emt 0:00:00]} 4. Bg2 {[%emt 0:00:01]} O-O {[%emt 0:00:00]} 5. O-O {[%emt 0:00:03]} d6 {[%emt 0:00:00]} 6. Nc3 {[%emt 0:00:01]} e5 {[%emt 0:00:01]} 7. d3 {[%emt 0:00:02]} Nc6 {[%emt 0:00:01]} 8. Rb1 {[%emt 0:00:02]} a5 {[%emt 0:00:01]} 9. a3 {[%emt 0:00:00]} Nd4 {[%emt 0:00:01]} 10. Nxd4 {[%emt 0:01:17]} exd4 {[%emt 0:00:01]} 11. Nb5 {[%emt 0:00:02]} Ng4 {[%emt 0:00:09]} 12. h3 {[%emt 0:00:28]} c6 {[%emt 0:00:01]} 13. hxg4 {[%emt 0:00:05]} Bxg4 {[%emt 0:00:02]} 14. Nxd4 {[%emt 0:02:40]} Bxd4 {[%emt 0:00:02]} 15. Qc2 {[%emt 0:00:42]} h5 {[%emt 0:01:06]} 16. e3 {[%emt 0:00:32]} Bg7 {[%emt 0:00:37]} 17. Bd2 {[%emt 0:00:49]} h4 {[%emt 0:00:32]} 18. Bc3 {[%emt 0:00:32]} Bh6 {[%emt 0:00:20]} 19. Rbe1 {[%emt 0:00:32]} Re8 {[%emt 0:00:15]} 20. gxh4 {[%emt 0:00:40]} Qxh4 {[%emt 0:00:04]} 21. f4 {[%emt 0:00:06]} Bg7 {[%emt 0:02:07]} 22. Qf2 {[%emt 0:00:20]} Qh5 {[%emt 0:01:24]} 23. Bf3 {[%emt 0:00:59]} Bxc3 {[%emt 0:01:13]} 24. bxc3 {[%emt 0:00:01]} Kg7 {[%emt 0:00:00]} 25. Bxg4 {[%emt 0:00:22]} Qxg4+ {[%emt 0:00:01]} 26. Qg2 {[%emt 0:00:01]} Qf5 {[%emt 0:00:32]} 27. e4 {[%emt 0:00:29]} Qc5+ {[%emt 0:00:02]} 28. Qf2 {[%emt 0:00:30]} Qxa3 {[%emt 0:01:38]} 29. f5 {[%emt 0:00:02]} Qxc3 {[%emt 0:01:17]} 30. fxg6 {[%emt 0:00:16]} f6 {[%emt 0:00:23]} 31. e5 {[%emt 0:00:10]} f5 {[%emt 0:00:21]} 32. Qxf5 {[%emt 0:00:20]} Qd4+ {[%emt 0:00:02]} 33. Kg2 {[%emt 0:00:05]} Rf8 {[%emt 0:00:12]} 34. Qd7+ {[%emt 0:00:06]} Kxg6 {[%emt 0:00:02]} 35. Re4 {[%emt 0:00:15]} Qb2+ {[%emt 0:00:12]} 36. Kg3 {[%emt 0:00:15]} 1-0

[Event "British KO-ch Pre 2019"]
[Site "London"]
[Date "2019.11.30"]
[Round "2.3"]
[White "Merry, Alan B"]
[Black "Golding, Alex"]
[Result "1/2-1/2"]
[WhiteElo "2426"]
[BlackElo "2306"]
[Annotator "NA"]
[PlyCount "117"]
[EventDate "2019.11.30"]
[EventType "k.o."]
[EventCountry "ENG"]
[SourceTitle "playchess.com"]
[Source "ChessBase"]
[SourceQuality "1"]
[TimeControl "600+5"]

1. b3 {[%emt 0:00:00]} e5 {[%emt 0:00:00]} 2. Bb2 {[%emt 0:00:00]} Nc6 {[%emt 0:00:00]} 3. e3 {[%emt 0:00:00]} d6 {[%emt 0:00:27]} 4. c4 {[%emt 0:00:26]} g6 {[%emt 0:00:03]} 5. Ne2 {[%emt 0:00:07]} Bg7 {[%emt 0:00:01]} 6. Nbc3 {[%emt 0:00:24]} Nge7 {[%emt 0:00:03]} 7. g3 {[%emt 0:00:20]} d5 {[%emt 0:00:34]} 8. cxd5 {[%emt 0:00:23]} Nxd5 {[%emt 0:00:02]} 9. a3 {[%emt 0:00:51]} O-O {[%emt 0:00:13]} 10. Bg2 {[%emt 0:00:02]} Be6 {[%emt 0:00:01]} 11. O-O {[%emt 0:00:02]} Nxc3 {[%emt 0:00:07]} 12. Nxc3 {[%emt 0:00:04]} Qd3 {[%emt 0:00:02]} 13. b4 {[%emt 0:01:04]} f5 {[%emt 0:00:19]} 14. Qb1 {[%emt 0:01:20]} Rad8 {[%emt 0:00:23]} 15. Rc1 {[%emt 0:01:24]} e4 {[%emt 0:00:12]} 16. Na4 {[%emt 0:01:06]} Qxb1 {[%emt 0:00:13]} 17. Raxb1 {[%emt 0:00:02]} Rxd2 {[%emt 0:00:42]} 18. Bxg7 {[%emt 0:00:02]} Kxg7 {[%emt 0:00:02]} 19. b5 {[%emt 0:00:04]} Ne5 {[%emt 0:00:04]} 20. Rxc7+ {[%emt 0:00:08]} Rf7 {[%emt 0:00:05]} 21. Nc5 {[%emt 0:00:20]} Bd5 {[%emt 0:00:18]} 22. Rxf7+ {[%emt 0:00:31]} Kxf7 {[%emt 0:00:02]} 23. Rc1 {[%emt 0:00:49]} Kf6 {[%emt 0:00:16]} 24. h3 {[%emt 0:00:13]} b6 {[%emt 0:00:43]} 25. Na6 {[%emt 0:00:18]} Bc4 {[%emt 0:00:24]} 26. a4 {[%emt 0:00:26]} Ra2 {[%emt 0:00:11]} 27. Bf1 {[%emt 0:00:41]} Bxf1 {[%emt 0:00:03]} 28. Kxf1 {[%emt 0:00:09]} Rxf2+ {[%emt 0:00:11]} 29. Kxf2 {[%emt 0:00:02]} Nd3+ {[%emt 0:00:01]} 30. Kf1 {[%emt 0:00:08]} Nxc1 {[%emt 0:00:02]} 31. Nb4 {[%emt 0:00:10]} Nd3 {[%emt 0:00:06]} 32. Nc6 {[%emt 0:00:08]} Nc5 {[%emt 0:00:10]} 33. a5 {[%emt 0:00:04]} bxa5 {[%emt 0:00:13]} 34. Nxa5 {[%emt 0:00:01]} Ne6 {[%emt 0:00:19]} 35. Nc6 {[%emt 0:00:05]} Nc7 {[%emt 0:00:03]} 36. Nxa7 {[%emt 0:00:01]} Nd5 {[%emt 0:00:01]} 37. Ke2 {[%emt 0:00:30]} Ke6 {[%emt 0:00:10]} 38. Kd2 {[%emt 0:00:06]} Kd6 {[%emt 0:00:04]} 39. Nc6 {[%emt 0:00:06]} Kc5 {[%emt 0:00:22]} 40. Nd4 {[%emt 0:00:01]} Nc7 {[%emt 0:00:13]} 41. h4 {[%emt 0:00:20]} Nxb5 {[%emt 0:00:12]} 42. Ne6+ {[%emt 0:00:01]} Kd5 {[%emt 0:00:03]} 43. Nf8 {[%emt 0:00:01]} Nc7 {[%emt 0:00:04]} 44. Nxh7 {[%emt 0:00:02]} Ne6 {[%emt 0:00:16]} 45. Kc3 {[%emt 0:00:02]} Ke5 {[%emt 0:00:17]} 46. Kc4 {[%emt 0:00:05]} Ng7 {[%emt 0:00:03]} 47. Nf8 {[%emt 0:00:15]} Kf6 {[%emt 0:00:04]} 48. Nd7+ {[%emt 0:00:10]} Ke6 {[%emt 0:00:03]} 49. Nc5+ {[%emt 0:00:13]} Ke5 {[%emt 0:00:35]} 50. Nd7+ {[%emt 0:00:01]} Ke6 {[%emt 0:00:08]} 51. Nc5+ {[%emt 0:00:01]} Kd6 {[%emt 0:00:15]} 52. Kd4 {[%emt 0:00:17]} Nh5 {[%emt 0:00:31]} 53. g4 {[%emt 0:00:02]} Ng3 {[%emt 0:00:10]} 54. gxf5 {[%emt 0:00:09]} Nxf5+ {[%emt 0:00:04]} 55. Kxe4 {[%emt 0:00:07]} Kxc5 {[%emt 0:00:32]} 56. h5 {[%emt 0:00:00]} Ng3+ {[%emt 0:00:01]} 57. Kf4 {[%emt 0:00:02]} Nxh5+ {[%emt 0:00:03]} 58. Kg5 {[%emt 0:00:01]} Ng3 {[%emt 0:00:02]} 59. Kxg6 {[%emt 0:00:01]} 1/2-1/2

[Event "British KO-ch Pre 2019"]
[Site "London"]
[Date "2019.11.30"]
[Round "2.4"]
[White "Head, Louise"]
[Black "Haria, Ravi"]
[Result "0-1"]
[WhiteElo "2100"]
[BlackElo "2451"]
[Annotator "ChessBase"]
[PlyCount "40"]
[EventDate "2019.11.30"]
[EventType "k.o."]
[EventCountry "ENG"]
[SourceTitle "playchess.com"]
[Source "ChessBase"]
[SourceQuality "1"]
[TimeControl "600+5"]

1. d4 {[%emt 0:00:00]} e6 {[%emt 0:00:00]} 2. c4 {[%emt 0:00:00]} Bb4+ {[%emt 0:00:08]} 3. Nd2 {[%emt 0:00:08]} b6 {[%emt 0:00:04]} 4. Ngf3 {[%emt 0:00:09]} Bb7 {[%emt 0:00:04]} 5. a3 {[%emt 0:00:05]} Bxd2+ {[%emt 0:00:03]} 6. Qxd2 {[%emt 0:00:12]} f5 {[%emt 0:00:08]} 7. e3 {[%emt 0:01:04]} Nf6 {[%emt 0:00:02]} 8. Be2 {[%emt 0:00:42]} O-O {[%emt 0:00:24]} 9. O-O {[%emt 0:00:14]} a5 {[%emt 0:00:02]} 10. b3 {[%emt 0:00:15]} Qe7 {[%emt 0:00:05]} 11. Bb2 {[%emt 0:00:17]} d6 {[%emt 0:00:06]} 12. Rfd1 {[%emt 0:00:21]} Nbd7 {[%emt 0:00:03]} 13. Ne1 {[%emt 0:00:38]} Ne4 {[%emt 0:00:21]} 14. Qd3 {[%emt 0:00:05]} Qh4 {[%emt 0:01:15]} 15. g3 {[%emt 0:00:04]} Qh6 {[%emt 0:00:07]} 16. f4 {[%emt 0:00:42]} Nxg3 {[%emt 0:00:46]} 17. hxg3 {[%emt 0:02:16]} Qh1+ {[%emt 0:00:02]} 18. Kf2 {[%emt 0:00:01]} Nf6 {[%emt 0:00:01]} 19. Bf3 {[%emt 0:00:39]} Bxf3 {[%emt 0:00:08]} 20. Nxf3 {[%emt 0:00:07]} Ng4+ {[%emt 0:00:02]} 0-1

[Event "British KO-ch Pre 2019"]
[Site "London"]
[Date "2019.11.30"]
[Round "2.5"]
[White "Pein, Jonathan"]
[Black "McPhillips, Joseph"]
[Result "0-1"]
[WhiteElo "2151"]
[BlackElo "2434"]
[Annotator "TA"]
[PlyCount "70"]
[EventDate "2019.11.30"]
[EventType "k.o."]
[EventCountry "ENG"]
[SourceTitle "playchess.com"]
[Source "ChessBase"]
[SourceQuality "1"]

{[%evp 9,70,-85,-9,-57,24,-7,1,-9,-15,-14,-9,-64,-57,-127,-107,-116,-118,-120,-122,-135,-101,-131,-110,-96,-98,-127,-88,-87,-92,-150,-167,-162,-141,-401,-216,-220,-218,-226,-198,-216,-192,-250,-214,-209,-202,-187,-148,-233,-220,-218,-184,-291,-291,-252,-258,-256,-50,-46,0,-464,-470,-416,-77]} 1. e4 e6 2. b3 d5 3. Bb2 dxe4 4. Nc3 Nf6 5. g4 Nbd7 (5... Nc6 $17) (5... Bd7 6. g5 Nd5 7. Nxe4 Bc6 8. Qg4 a5 9. a3 Nd7 10. Bg2 Nc5 11. Nxc5 Bxc5 12. Nf3 Bd6 13. Nd4 {1-0 (35) Maze,S (2620)-Lopez,J (2316) chess.com INT 2018}) 6. Bg2 $146 {C00: French: Unusual White 2nd moves} ({Predecessor:} 6. g5 Nd5 7. Nxe4 Nc5 8. Nxc5 Bxc5 9. Nf3 O-O 10. Qe2 e5 11. O-O-O Re8 12. Qe4 f5 13. gxf6 Nxf6 {1-0 (30) Stany,G (2502)-Villiers,T (2136) Hastings 2017}) 6... Bb4 (6... Nc5 $1 $15) 7. Qe2 O-O 8. O-O-O {The position is equal.} Qe7 9. h4 Ba3 10. Nh3 (10. g5 $11 Nd5 11. Bxe4) 10... a5 {[%cal Ba7a5,Ba5a4][%mdl 32] Hoping for ...a4!} 11. Ng5 {[#]} (11. g5 $15 Nd5 12. Bxe4) 11... a4 $1 $36 {[%mdl 2560] Black is in control.} 12. Ngxe4 (12. bxa4 Nb6) 12... Nd5 13. Nxd5 exd5 14. Nc3 {With the idea Qxe7.} Qd6 {...axb3 is the strong threat.} 15. d4 axb3 16. cxb3 c6 17. h5 Bxb2+ 18. Kxb2 Nf6 19. g5 ({Better is} 19. f3) 19... Qa3+ $1 $17 20. Ka1 Qxb3 $1 21. Nb1 $2 {[%mdl 8192] [#]} (21. Rc1 $17 Re8 22. Qd2) 21... Ne4 (21... Nxh5 $142 $1 {[%mdl 512]} 22. Rd2 (22. Qxh5 Rxa2#) 22... Nf4 {[%mdl 64] Double Attack}) 22. Bxe4 $19 dxe4 23. Qb2 Qxb2+ 24. Kxb2 Bg4 25. Rde1 (25. Rdg1 $142 Be6 26. Nc3) 25... Bf3 26. Rh4 Ra5 27. Nd2 Rfa8 28. Nxf3 (28. Nxe4 $17 Rxa2+ 29. Kb3) 28... Rxa2+ 29. Kc3 R2a3+ {[%mdl 1024] Black has strong compensation.} (29... Rxf2 30. Nd2 $16) 30. Kc4 (30. Kc2 $142 Rxf3 31. Rhxe4) 30... b6 {[%cal Ra8a4]} ({Not} 30... Rxf3 31. Rhxe4 h6 32. gxh6 $17) (30... exf3 31. Rhe4 $17) 31. Rb1 R8a4+ ({Less strong is} 31... Rxf3 32. Rxb6 Rd8 33. Rxe4 $15) 32. Rb4 {aiming for Rxa4.} b5+ $2 ({Stronger than} 32... Rxf3 33. Rxa4 b5+ 34. Kc5 $11) (32... exf3 $19 33. Rxa4 Rxa4+ 34. Kb3 Ra5) 33. Kc5 $15 Rc3+ 34. Kb6 $2 {[%mdl 8192]} (34. Kd6 $11 {and White has nothing to worry.} exf3 35. Rxa4 bxa4 36. d5 cxd5 37. Rxa4) 34... Rxb4 $19 35. Rxe4 {[%cal Re4e8]} f6 $2 {Accuracy: White = 40%, Black = 53%.} (35... f5 $19 {and Black stays clearly on top.} 36. Rf4 {[#]} c5 $1 {[%mdl 512]}) 0-1

[Event "British KO-ch Pre 2019"]
[Site "London"]
[Date "2019.11.30"]
[Round "2.6"]
[White "Willow, Jonah B"]
[Black "Toma, Katarzyna"]
[Result "1-0"]
[WhiteElo "2345"]
[BlackElo "2272"]
[Annotator "NA"]
[PlyCount "121"]
[EventDate "2019.11.30"]
[EventType "k.o."]
[EventCountry "ENG"]
[SourceTitle "playchess.com"]
[Source "ChessBase"]
[SourceQuality "1"]
[TimeControl "600+5"]

1. e4 {[%emt 0:00:00]} c5 {[%emt 0:00:00]} 2. Nf3 {[%emt 0:00:00]} Nc6 {[%emt 0:00:00]} 3. d4 {[%emt 0:00:02]} cxd4 {[%emt 0:00:00]} 4. Nxd4 {[%emt 0:00:02]} g6 {[%emt 0:00:00]} 5. c4 {[%emt 0:00:04]} Bg7 {[%emt 0:00:00]} 6. Be3 {[%emt 0:00:02]} Nf6 {[%emt 0:00:05]} 7. Nc3 {[%emt 0:00:03]} d6 {[%emt 0:00:00]} 8. Be2 {[%emt 0:00:06]} a5 {[%emt 0:00:04]} 9. O-O {[%emt 0:00:27]} O-O {[%emt 0:01:12]} 10. f3 {[%emt 0:00:04]} Nd7 {[%emt 0:00:11]} 11. Ndb5 {[%emt 0:01:16]} Nc5 {[%emt 0:00:37]} 12. Qd2 {[%emt 0:00:55]} a4 {[%emt 0:00:15]} 13. Rab1 {[%emt 0:00:18]} Qa5 {[%emt 0:00:52]} 14. Rfd1 {[%emt 0:02:18]} Be6 {[%emt 0:01:30]} 15. Nd5 {[%emt 0:00:30]} Qxd2 {[%emt 0:00:32]} 16. Rxd2 {[%emt 0:00:06]} Bxd5 {[%emt 0:01:17]} 17. cxd5 {[%emt 0:00:22]} Nb4 {[%emt 0:00:05]} 18. Bxc5 {[%emt 0:01:03]} dxc5 {[%emt 0:00:01]} 19. a3 {[%emt 0:00:01]} Na6 {[%emt 0:00:05]} 20. f4 {[%emt 0:00:16]} Rfd8 {[%emt 0:00:17]} 21. Bc4 {[%emt 0:00:15]} Kf8 {[%emt 0:00:13]} 22. e5 {[%emt 0:00:12]} g5 {[%emt 0:01:35]} 23. g3 {[%emt 0:00:04]} Rac8 {[%emt 0:01:15]} 24. Rbd1 {[%emt 0:00:10]} Nc7 {[%emt 0:00:21]} 25. Nc3 {[%emt 0:00:01]} Ra8 {[%emt 0:00:04]} 26. Kg2 {[%emt 0:00:31]} Ra5 {[%emt 0:00:05]} 27. d6 exd6 {[%emt 0:00:01]} 28. exd6 {[%emt 0:01:20]} Ne6 {[%emt 0:00:19]} 29. Bxe6 {[%emt 0:00:29]} fxe6 {[%emt 0:00:01]} 30. fxg5 {[%emt 0:00:01]} Bd4 {[%emt 0:00:00]} 31. Ne4 {[%emt 0:00:26]} Rb5 {[%emt 0:00:04]} 32. Rf1+ {[%emt 0:00:41]} Kg7 {[%emt 0:00:02]} 33. Nc3 {[%emt 0:00:05]} Ra5 {[%emt 0:00:03]} 34. Ne4 {[%emt 0:00:07]} Rb5 {[%emt 0:00:04]} 35. h4 {[%emt 0:00:09]} b6 {[%emt 0:00:00]} 36. Nc3 {[%emt 0:00:08]} Ra5 {[%emt 0:00:02]} 37. Ne4 {[%emt 0:00:09]} Rb5 {[%emt 0:00:00]} 38. Nc3 {[%emt 0:00:10]} Rb3 {[%emt 0:00:21]} 39. Nxa4 {[%emt 0:00:11]} Rxd6 {[%emt 0:00:02]} 40. Nc3 {[%emt 0:00:00]} Rd8 {[%emt 0:00:27]} 41. h5 {[%emt 0:00:02]} Re8 {[%emt 0:00:23]} 42. Kh3 {[%emt 0:00:07]} Re7 {[%emt 0:00:12]} 43. Rf3 {[%emt 0:00:11]} b5 {[%emt 0:00:06]} 44. Kh4 {[%emt 0:00:06]} b4 {[%emt 0:00:07]} 45. axb4 Rxb4 {[%emt 0:00:01]} 46. g4 {[%emt 0:00:03]} Rb3 {[%emt 0:00:19]} 47. Re2 {[%emt 0:00:17]} Rf7 {[%emt 0:00:17]} 48. h6+ {[%emt 0:00:00]} Kf8 {[%emt 0:00:03]} 49. Rd3 {[%emt 0:00:01]} Ke7 {[%emt 0:00:05]} 50. Nd5+ {[%emt 0:00:03]} Kd6 {[%emt 0:00:06]} 51. Rxb3 {[%emt 0:00:01]} exd5 {[%emt 0:00:03]} 52. Rb6+ {[%emt 0:00:03]} Kc7 {[%emt 0:00:02]} 53. Ra6 {[%emt 0:00:04]} c4 {[%emt 0:00:07]} 54. g6 hxg6 {[%emt 0:00:02]} 55. Rxg6 {[%emt 0:00:06]} Bh8 {[%emt 0:00:32]} 56. Ra6 {[%emt 0:00:15]} Bd4 {[%emt 0:00:01]} 57. g5 {[%emt 0:00:06]} Kb7 {[%emt 0:00:08]} 58. Rd6 {[%emt 0:00:04]} Rf5 {[%emt 0:00:03]} 59. h7 {[%emt 0:00:13]} c3 {[%emt 0:00:09]} 60. bxc3 Bxc3 61. Re7+ {[%emt 0:00:07]} 1-0